00563nam a22001697a 4500003000900000008004100009040007100050082002700121100002400148245003800172260007000210300006000280650000800340650001000348650002000358650001500378AR-CdUCM190403b ||||| |||| 00| 0 spa d aMUNICIPALIDAD PROVINCIAL DEL CUSCOcBIBLIOTECA MUNICIPAL DEL CUSCO 24ed.aES / 036 /bSA16 aSainz Pardo, Manuel aIniciación al Modelismo Naval / aMadrid :bEdiciones Monte Esquinza,bEdiciones Santillana,c1966. a95 paginas ;bilustraciones, graficos, dibujos,c20 cm. aMar aNaval aFuerza Maritima aLiteratura